RICS seeks to adopt FSA rule (Record no. 117151)
[ view plain ]
| 000 -LEADER | |
|---|---|
| fixed length control field | 00857cam a2200193 4500 |
| 001 - CONTROL NUMBER | |
| control field | WB4013-12 |
| 008 - FIXED-LENGTH DATA ELEMENTS--GENERAL INFORMATION | |
| fixed length control field | 040331n2004 000 0 eng u |
| 035 ## - SYSTEM CONTROL NUMBER | |
| System control number | (Sirsi) u125684 |
| 245 ## - TITLE STATEMENT | |
| Title | RICS seeks to adopt FSA rule |
| 260 ## - PUBLICATION, DISTRIBUTION, ETC. | |
| Date of publication, distribution, etc. | 2004 |
| 490 ## - SERIES STATEMENT | |
| Series statement | Estates Gazette |
| Volume/sequential designation | (0413) 27 March 2004, 26(1) |
| 520 ## - SUMMARY, ETC. | |
| Summary, etc. | RICS is considering raising its status, following the Law Society's lead, to become a designated professional body. This would enable RICS to regulate managing agents' involvement in arranging insurance. Members would benefit as they would not have to pay Financial Services Authority subscriptions of more than a £1 000 on top of their RICS subscriptions in order to carry on doing business. |
| 590 ## - LOCAL NOTE (RLIN) | |
| Local note | WB |
| 590 ## - LOCAL NOTE (RLIN) | |
| Local note | WB |
| 650 ## - SUBJECT ADDED ENTRY--TOPICAL TERM | |
| Topical term or geographic name entry element | PROFESSIONAL BODIES |
| 650 ## - SUBJECT ADDED ENTRY--TOPICAL TERM | |
| Topical term or geographic name entry element | PROFESSIONAL PRACTICE |
| 690 ## - LOCAL SUBJECT ADDED ENTRY--TOPICAL TERM (OCLC, RLIN) | |
| Topical term or geographic name as entry element | RICS NEWS |
| 942 ## - ADDED ENTRY ELEMENTS (KOHA) | |
| Suppress in OPAC | 0 |
| Withdrawn status | Lost status | Source of classification or shelving scheme | Damaged status | Not for loan | Home library | Current library | Shelving location | Date acquired | Total Checkouts | Full call number | Barcode | Date last seen | Copy number | Price effective from | Koha item type |
|---|---|---|---|---|---|---|---|---|---|---|---|---|---|---|---|
| Dewey Decimal Classification | London | London | News article | 31/03/2004 | WB4013-12 | 125684-1001 | 06/08/2019 | 1 | 06/08/2019 | News article |